000 00361nam a2200169Ia 4500
001 6475
005 20250626030106.0
008 211022s9999 xx 000 0 und d
082 _a743 JAC
100 _aJackson, Vaughan
245 0 _aDrawing for Boys
260 _aNew York
260 _bPitman Publishing
260 _c1956
300 _av.p
942 _cBK
999 _c6308
_d6308